[Event "Airthings Masters Div 3 L"]
[Site "chess.com INT"]
[Date "2023.02.06"]
[Round "2.2"]
[White "Nesterov, Arseniy"]
[Black "Matlakov, Maxim"]
[Result "1/2-1/2"]
[WhiteTitle "GM"]
[BlackTitle "GM"]
[WhiteElo "2568"]
[BlackElo "2662"]
[WhiteFideId "24198455"]
[BlackFideId "4168003"]
[EventDate "2023.02.06"]

1. d4 Nf6 2. c4 e6 3. g3 Bb4+ 4. Nd2 O-O 5. Bg2 d5 6. Nf3 dxc4 7. Qc2 a5 8. a3
Bxd2+ 9. Bxd2 b5 10. a4 Bb7 11. axb5 Qd5 12. Qa4 Nbd7 13. Nh4 Ne4 14. Bc3 f5 15.
O-O Nb6 16. Qa3 Qxb5 17. Bxa5 Ra6 18. Qb4 Qxb4 19. Bxb4 Rfa8 20. Rxa6 Rxa6 21.
Bxe4 Bxe4 22. f3 Bb7 23. Rc1 Nd5 24. Bc3 g5 25. Ng2 Kf7 26. Kf2 Ra2 27. Ne1 h5
28. Nc2 g4 29. Na3 gxf3 30. exf3 Nxc3 31. Rxc3 Rxb2+ 32. Ke3 Rb3 33. Kd2 Bxf3
34. Nxc4 Rxc3 35. Kxc3 Kf6 36. Ne5 Be4 37. Kd2 Kg5 38. h4+ Kf6 39. Ke3 Bd5 40.
Kf4 Ba2 41. Ke3 Bd5 42. Nd3 Bb3 43. Kd2 Bd5 44. Nf4 Bf3 45. Ke3 Bd1 46. Nd3 Bc2
47. Nc5 Bd1 48. Kf4 Be2 49. Ke3 Bd1 50. Na6 e5 51. Nxc7 f4+ 52. gxf4 exd4+ 53.
Kxd4 Kf5 54. Nd5 Bb3 55. Ne7+ Kxf4 56. Kd3 1/2-1/2

[Event "Airthings Masters Div 3 L"]
[Site "chess.com INT"]
[Date "2023.02.06"]
[Round "2.1"]
[White "Antipov, Mikhail Al."]
[Black "Oparin, Grigoriy"]
[Result "0-1"]
[WhiteTitle "GM"]
[BlackTitle "GM"]
[WhiteElo "2581"]
[BlackElo "2667"]
[WhiteFideId "4107012"]
[BlackFideId "24125890"]
[EventDate "2023.02.06"]

1. e4 e5 2. Nf3 Nc6 3. Bb5 a6 4. Ba4 Nf6 5. d3 b5 6. Bb3 Bc5 7. a3 d6 8. Nc3 h6
9. Ne2 O-O 10. Ng3 d5 11. exd5 Nxd5 12. O-O Be6 13. Re1 Re8 14. c3 Bb6 15. Bc2
a5 16. h3 Qd6 17. Qe2 f5 18. Nh4 Qd7 19. Qf3 Nde7 20. Nh5 Nd5 21. d4 e4 22. Qg3
Kh8 23. f3 exf3 24. Bxh6 gxh6 25. Qg6 f2+ 26. Kxf2 Nxd4 27. cxd4 Bxd4+ 28. Kf3
Nf6 29. Qxh6+ Nh7 30. Ng6+ Kg8 31. Kg3 Bf7 32. Ngf4 Qd6 33. Qxd6 cxd6 34. Bxf5
Bxb2 35. Rxe8+ Rxe8 36. Rb1 Be5 37. Kg4 b4 38. axb4 a4 39. Ng6 a3 40. Nxe5 Rxe5
41. Bxh7+ Kxh7 42. Nf4 a2 43. Ra1 Re4 44. b5 Rb4 45. b6 Rxb6 0-1

[Event "Airthings Masters Div 3 L"]
[Site "chess.com INT"]
[Date "2023.02.06"]
[Round "2.2"]
[White "Oparin, Grigoriy"]
[Black "Antipov, Mikhail Al."]
[Result "1/2-1/2"]
[WhiteTitle "GM"]
[BlackTitle "GM"]
[WhiteElo "2667"]
[BlackElo "2581"]
[WhiteFideId "24125890"]
[BlackFideId "4107012"]
[EventDate "2023.02.06"]

1. d4 Nf6 2. c4 e6 3. Nf3 d5 4. g3 Bb4+ 5. Bd2 Be7 6. Bg2 O-O 7. O-O a5 8. Qc2
Nc6 9. Rd1 Nb4 10. Qc1 dxc4 11. Na3 Bd7 12. Nxc4 Bc6 13. a3 Na6 14. Nxa5 Bd5 15.
b4 Qb8 16. b5 1/2-1/2

[Event "Airthings Masters Div 3 L"]
[Site "chess.com INT"]
[Date "2023.02.06"]
[Round "2.1"]
[White "Guseinov, Gadir"]
[Black "Yoo, Christopher Woojin"]
[Result "0-1"]
[WhiteTitle "GM"]
[BlackTitle "GM"]
[WhiteElo "2661"]
[BlackElo "2589"]
[WhiteFideId "13401378"]
[BlackFideId "30909694"]
[EventDate "2023.02.06"]

1. e4 c5 2. Nc3 Nc6 3. Nf3 e6 4. d4 cxd4 5. Nxd4 Qc7 6. Be3 a6 7. Qd2 Nf6 8. f4
b5 9. e5 Ng4 10. Nxc6 Nxe3 11. Qxe3 Qxc6 12. O-O-O Bb7 13. Bd3 Bc5 14. Qe1 Qxg2
15. Ne4 Rc8 16. Nxc5 Qxh1 17. Qg3 Qg2 18. Nxb7 Qxb7 19. Qxg7 Rf8 20. Qxh7 Qf3
21. Rf1 Qg2 22. Rd1 Qf2 23. Qe4 Rh8 24. Kb1 Rxh2 25. a4 Qg2 26. Qd4 Rxc2 27.
Bxc2 Qxc2+ 28. Ka2 Qxa4+ 29. Qxa4 bxa4 30. Rd4 Rf2 31. Ka3 Kd8 32. Rc4 a5 33.
Rxa4 Kc7 34. Rd4 Kc6 35. b3 Kb5 36. Rc4 Rd2 37. Re4 Kc5 38. Ra4 Kb6 39. Re4 Rd5
40. Ka4 Rd1 41. Ka3 Kc5 42. Kb2 Rd4 43. Rxd4 Kxd4 44. Ka3 Kc3 45. Ka4 Kb2 46. b4
axb4 47. Kxb4 Kc2 48. Kc4 Kd2 49. Kd4 Ke2 50. Ke4 Kf2 51. f5 Kg3 52. f6 Kg4 0-1

[Event "Airthings Masters Div 3 L"]
[Site "chess.com INT"]
[Date "2023.02.06"]
[Round "2.2"]
[White "Yoo, Christopher Woojin"]
[Black "Guseinov, Gadir"]
[Result "1-0"]
[WhiteTitle "GM"]
[BlackTitle "GM"]
[WhiteElo "2589"]
[BlackElo "2661"]
[WhiteFideId "30909694"]
[BlackFideId "13401378"]
[EventDate "2023.02.06"]

1. e4 c5 2. Nf3 g6 3. c3 d5 4. exd5 Qxd5 5. d4 Bg7 6. Na3 cxd4 7. Bc4 Qe4+ 8.
Be3 Nh6 9. cxd4 O-O 10. O-O Bg4 11. Ng5 Qxe3 12. fxe3 Bxd1 13. Raxd1 Nc6 14. Rf3
e6 15. Nb5 Rad8 16. Rdf1 a6 17. Nc7 Na5 18. Nxf7 Nxc4 19. Nxd8 Rxd8 20. Nxe6 Re8
21. Nxg7 Kxg7 22. Rc1 b5 23. b3 Nd6 24. Rc7+ Nhf7 25. Ra7 g5 26. g4 Rc8 27. e4
Rc1+ 28. Kg2 Rc2+ 29. Kf1 1-0

[Event "Airthings Masters Div 3 L"]
[Site "chess.com INT"]
[Date "2023.02.07"]
[Round "3.1"]
[White "Theodorou, Nikolas"]
[Black "Tabatabaei, M. Amin"]
[Result "1/2-1/2"]
[WhiteTitle "GM"]
[BlackTitle "GM"]
[WhiteElo "2584"]
[BlackElo "2677"]
[WhiteFideId "4262875"]
[BlackFideId "12521213"]
[EventDate "2023.02.06"]

1. d4 e6 2. c4 b6 3. Nf3 Bb7 4. g3 Bb4+ 5. Bd2 Bxf3 6. exf3 Bxd2+ 7. Qxd2 Nf6 8.
Bg2 d5 9. f4 Nc6 10. O-O Ne7 11. cxd5 Nfxd5 12. Nc3 O-O 13. Rac1 Qd7 14. Rfd1
Rfd8 15. Ne4 h6 16. Qc2 Rac8 17. Qb3 Nf5 18. Rd3 c6 19. Nd2 Nxf4 20. gxf4 Nxd4
21. Rxd4 Qxd4 22. Ne4 c5 23. Bf3 c4 24. Qa3 Qd3 25. Rc3 Qd7 26. Bh5 Qc7 27. Rf3
Rd3 28. Rxd3 cxd3 29. Qxd3 Qxf4 30. Kg2 Qc7 31. Bf3 Rd8 32. Qa3 a5 33. Qb3 Rd4
34. Qb5 Kf8 35. a3 f5 36. Ng3 g6 37. Qb3 Qd6 38. Qc3 e5 39. Qc8+ Kg7 40. Qb7+
Kf6 41. Qh7 Kg5 42. Bh5 Rh4 43. Be2 e4 44. Qg7 h5 45. Qc3 Rf4 46. Qh8 Qf6 47.
Qb8 Qd4 48. Nh1 h4 49. h3 Qd2 50. Qe5 Qxe2 51. Qe7+ Kh6 52. Qf8+ Kh5 53. Qh8+
Kg5 54. Qd8+ Kh6 55. Qh8+ Kg5 56. Qd8+ Kh6 57. Qh8+ Kg5 1/2-1/2

[Event "Airthings Masters Div 3 L"]
[Site "chess.com INT"]
[Date "2023.02.07"]
[Round "3.2"]
[White "Tabatabaei, M. Amin"]
[Black "Theodorou, Nikolas"]
[Result "1/2-1/2"]
[WhiteTitle "GM"]
[BlackTitle "GM"]
[WhiteElo "2677"]
[BlackElo "2584"]
[WhiteFideId "12521213"]
[BlackFideId "4262875"]
[EventDate "2023.02.06"]

1. d4 Nf6 2. c4 e6 3. Nc3 Bb4 4. e3 b6 5. Ne2 Ne4 6. Qc2 Bb7 7. a3 Bxc3+ 8. Nxc3
Nxc3 9. Qxc3 d6 10. h4 Nd7 11. b3 Qe7 12. Bb2 f5 13. f3 Rg8 14. O-O-O O-O-O 15.
b4 h6 16. h5 Nf6 17. Bd3 Kb8 18. Kb1 Qe8 19. a4 Qxa4 20. b5 a6 21. Bc2 Qa5 22.
Qxa5 bxa5 23. bxa6 Bxa6 24. Bd3 Nd7 25. c5 Bxd3+ 26. Rxd3 dxc5 27. dxc5 Nf6 28.
Ra3 Rd2 29. Rxa5 Kb7 30. c6+ Kxc6 31. Rc1+ Kd7 32. Ra7 Rc8 33. Be5 Rxg2 34.
Raxc7+ Rxc7 35. Rxc7+ Ke8 36. Rc8+ Kf7 37. Rc7+ Kg8 38. Rc8+ Kh7 39. Bxf6 gxf6
40. Rc6 Rh2 41. Rxe6 Rxh5 42. Rxf6 Kg7 43. Ra6 Rh3 44. Kc2 Rxf3 45. Kd3 Rf2 46.
e4 fxe4+ 47. Kxe4 h5 48. Ke3 Rf8 49. Ra2 Kg6 50. Rg2+ Kh6 51. Rf2 Re8+ 52. Kf3
Rf8+ 53. Kg2 Rxf2+ 54. Kxf2 Kg5 55. Kg2 Kg4 56. Kh1 h4 57. Kg1 h3 58. Kh1 Kh4
59. Kg1 Kg3 60. Kh1 h2 1/2-1/2

[Event "Airthings Masters Div 3 L"]
[Site "chess.com INT"]
[Date "2023.02.07"]
[Round "3.3"]
[White "Tabatabaei, M. Amin"]
[Black "Theodorou, Nikolas"]
[Result "1/2-1/2"]
[WhiteTitle "GM"]
[BlackTitle "GM"]
[WhiteElo "2677"]
[BlackElo "2584"]
[WhiteFideId "12521213"]
[BlackFideId "4262875"]
[EventDate "2023.02.06"]

1. d4 Nf6 2. c4 g6 3. g3 Bg7 4. Bg2 O-O 5. Nc3 d6 6. Nf3 Nc6 7. d5 Na5 8. b3 a6
9. Bb2 c5 10. O-O Rb8 11. Nd2 b5 12. Qc2 e5 13. e4 h5 14. Nd1 h4 15. Ne3 Bh6 16.
Rae1 Ng4 17. Nxg4 Bxg4 18. Bc3 hxg3 19. hxg3 b4 20. Bb2 Nb7 21. f3 Bd7 22. f4 f6
23. Nf3 Qe7 24. Nh4 Qg7 25. Qf2 g5 26. fxg5 Bxg5 27. Nf5 Qh7 28. Qe2 Kf7 29. Qg4
Rg8 30. Nxd6+ Kf8 31. Qf3 Bg4 32. Qxg4 Be3+ 33. Rxe3 Rxg4 34. Bxe5 Kg8 35. Rxf6
Nxd6 36. Bxd6 Re8 37. Bxc5 Qg7 38. Bd4 Rxg3 39. Rf8+ Qxf8 40. Rxg3+ Kh7 41. Rg7+
Kh6 42. Rg4 Kh5 43. Rg3 Qf4 44. Bf3+ Kh6 45. Rh3+ Kg5 46. Bf2 Rxe4 47. Bxe4 Qxe4
48. Re3 Qc2 49. Kg2 Kf4 50. Re6 Qd3 51. Rf6+ Kg4 52. Re6 Kf4 53. Be3+ Kg4 54.
Kf2 Qc2+ 55. Ke1 Kf3 56. Bh6 Qb1+ 57. Kd2 Qb2+ 58. Kd1 Qb1+ 59. Bc1 Qd3+ 60. Ke1
Qc3+ 61. Kd1 Qd3+ 62. Bd2 Qb1+ 63. Bc1 Qd3+ 1/2-1/2

[Event "Airthings Masters Div 3 L"]
[Site "chess.com INT"]
[Date "2023.02.07"]
[Round "3.1"]
[White "Demidov, Mikhail"]
[Black "Svidler, Peter"]
[Result "1/2-1/2"]
[WhiteTitle "GM"]
[BlackTitle "GM"]
[WhiteElo "2575"]
[BlackElo "2683"]
[WhiteFideId "4197143"]
[BlackFideId "4102142"]
[EventDate "2023.02.06"]

1. Nf3 Nf6 2. b3 g6 3. Bb2 Bg7 4. g3 O-O 5. Bg2 d5 6. c4 dxc4 7. bxc4 c5 8. O-O
Nc6 9. Nc3 Rb8 10. d3 b6 11. Qd2 Bb7 12. e3 e6 13. Rfd1 Qe7 14. Rab1 Rfd8 15.
Qe2 Ne8 16. a3 Nd6 17. Ne1 Rd7 18. Nb5 Nxb5 19. cxb5 Na5 20. Bxg7 Kxg7 21. Bxb7
Nxb7 22. Nf3 Qf6 23. d4 cxd4 24. Nxd4 Nc5 25. Nc6 Rbb7 26. Rd4 e5 27. Rxd7 Rxd7
28. Rd1 Rxd1+ 29. Qxd1 a5 30. Qd5 e4 31. Ne5 Qe6 32. Qxe6 fxe6 33. Nc4 Na4 34.
Kf1 Kf6 35. Ke1 e5 36. Nd6 Nc3 37. Nc4 Na4 38. Nd6 Nc3 39. Nc4 Na4 1/2-1/2

[Event "Airthings Masters Div 3 L"]
[Site "chess.com INT"]
[Date "2023.02.07"]
[Round "3.2"]
[White "Svidler, Peter"]
[Black "Demidov, Mikhail"]
[Result "0-1"]
[WhiteTitle "GM"]
[BlackTitle "GM"]
[WhiteElo "2683"]
[BlackElo "2575"]
[WhiteFideId "4102142"]
[BlackFideId "4197143"]
[EventDate "2023.02.06"]

1. e4 Nf6 2. e5 Nd5 3. d4 d6 4. Nf3 Nb6 5. a4 a5 6. Nc3 g6 7. exd6 cxd6 8. Bd3
Bg7 9. Nb5 Nc6 10. c3 O-O 11. O-O e5 12. Bg5 Bf6 13. Bh6 Bg7 14. Bxg7 Kxg7 15.
Re1 Re8 16. dxe5 dxe5 17. Be4 Qxd1 18. Raxd1 Re7 19. b3 Be6 20. Nd6 Bxb3 21. Rb1
Nc4 22. Nxb7 Ba2 23. Ra1 Rc8 24. Rxa2 Rxb7 25. Bd5 Nb6 26. Rb2 Rbb8 27. Bxc6
Rxc6 28. Rxe5 Rd8 29. h3 Nc4 30. Rbb5 Nxe5 31. Rxe5 Ra8 0-1

[Event "Airthings Masters Div 3 L"]
[Site "chess.com INT"]
[Date "2023.02.07"]
[Round "3.1"]
[White "Dreev, Aleksey"]
[Black "Matlakov, Maxim"]
[Result "1/2-1/2"]
[WhiteTitle "GM"]
[BlackTitle "GM"]
[WhiteElo "2606"]
[BlackElo "2662"]
[WhiteFideId "4100107"]
[BlackFideId "4168003"]
[EventDate "2023.02.06"]

1. d4 Nf6 2. Nf3 d5 3. c4 e6 4. e3 Be7 5. Nc3 O-O 6. a3 Nbd7 7. b4 a5 8. b5 c5
9. Bb2 cxd4 10. Nxd4 Nc5 11. Be2 e5 12. Nb3 Nxb3 13. Qxb3 a4 14. Qc2 d4 15. exd4
exd4 16. Rd1 Qb6 17. Nd5 Nxd5 18. cxd5 Qa5+ 19. Qd2 Bd7 20. O-O Bxb5 21. Bxb5
Qxb5 22. d6 Bxd6 23. Qxd4 f6 24. Qxd6 Qxb2 25. Rb1 Qe5 26. Qxe5 fxe5 27. Rxb7
Rfb8 28. Re7 Re8 29. Rxe8+ Rxe8 30. f4 e4 31. Re1 Kf7 32. Kf2 Kf6 33. g4 h5 34.
h3 hxg4 35. hxg4 g5 36. Ke3 Rb8 37. Rc1 Rb3+ 38. Kxe4 gxf4 39. Kxf4 Rxa3 40.
Rc6+ Kg7 41. Rc7+ Kg6 1/2-1/2

[Event "Airthings Masters Div 3 L"]
[Site "chess.com INT"]
[Date "2023.02.07"]
[Round "3.2"]
[White "Matlakov, Maxim"]
[Black "Dreev, Aleksey"]
[Result "1/2-1/2"]
[WhiteTitle "GM"]
[BlackTitle "GM"]
[WhiteElo "2662"]
[BlackElo "2606"]
[WhiteFideId "4168003"]
[BlackFideId "4100107"]
[EventDate "2023.02.06"]

1. d4 d5 2. c4 c6 3. Nf3 Nf6 4. Nc3 e6 5. e3 Nbd7 6. Be2 Bd6 7. O-O O-O 8. a4
Re8 9. a5 a6 10. Qb3 Bc7 11. Bd2 Ne4 12. Be1 Nd6 13. c5 Nb5 14. Na4 e5 15. Nb6
Bxb6 16. axb6 e4 17. Nd2 Qg5 18. Bxb5 cxb5 19. f3 exf3 20. Rxf3 Nb8 21. e4 Be6
22. Rg3 Qh5 23. Qe3 Nc6 24. e5 Ne7 25. Qf2 Qf5 26. Rf3 Qc2 27. Nb3 Qxf2+ 28.
Rxf2 Nc6 29. Na5 Nxa5 30. Bxa5 Rac8 31. Raf1 Rc6 32. h3 Rf8 33. Kh2 1/2-1/2

[Event "Airthings Masters Div 3 L"]
[Site "chess.com INT"]
[Date "2023.02.07"]
[Round "3.3"]
[White "Dreev, Aleksey"]
[Black "Matlakov, Maxim"]
[Result "1-0"]
[WhiteTitle "GM"]
[BlackTitle "GM"]
[WhiteElo "2606"]
[BlackElo "2662"]
[WhiteFideId "4100107"]
[BlackFideId "4168003"]
[EventDate "2023.02.06"]

1. d4 Nf6 2. c4 e6 3. Nc3 d5 4. cxd5 exd5 5. Bg5 c6 6. e3 h6 7. Bh4 Be7 8. Bd3
O-O 9. Nge2 Re8 10. O-O Nbd7 11. Qc2 Nh5 12. Bxe7 Qxe7 13. Rae1 Nf8 14. Nc1 Nf6
15. f3 Ne6 16. Nb3 a5 17. a3 a4 18. Nc1 c5 19. N1e2 Bd7 20. Ng3 Rac8 21. Qf2 Qf8
22. Bc2 b5 23. Nf5 g6 24. Qh4 Nh5 25. Nxd5 Ng5 26. f4 Ne4 27. Nfe7+ 1-0

[Event "Airthings Masters Div 3 L"]
[Site "chess.com INT"]
[Date "2023.02.07"]
[Round "3.1"]
[White "Oparin, Grigoriy"]
[Black "Yoo, Christopher Woojin"]
[Result "0-1"]
[WhiteTitle "GM"]
[BlackTitle "GM"]
[WhiteElo "2667"]
[BlackElo "2589"]
[WhiteFideId "24125890"]
[BlackFideId "30909694"]
[EventDate "2023.02.06"]

1. d4 Nf6 2. c4 e6 3. Nc3 Bb4 4. a3 Bxc3+ 5. bxc3 O-O 6. f3 Nc6 7. e4 b6 8. Bg5
h6 9. Bh4 e5 10. Bd3 d6 11. Ne2 g5 12. Bf2 Nh5 13. O-O Qf6 14. c5 dxc5 15. dxc5
Rd8 16. Qc2 Be6 17. Rfd1 Na5 18. c4 Nf4 19. Nxf4 exf4 20. Bf1 Qe5 21. Rac1 Nc6
22. Rd5 Qf6 23. Rxd8+ Rxd8 24. cxb6 axb6 25. c5 Nd4 26. Qc3 bxc5 27. Qxc5 Nb3
28. e5 Qf5 29. Qe7 Rd7 30. Qe8+ Kg7 31. Re1 c5 32. a4 c4 33. a5 Nxa5 34. Bc5 Nc6
35. Qa8 Nxe5 36. Bb4 f6 37. Qf8+ Kg6 38. Bc3 Nd3 39. Bxd3 cxd3 40. Bd2 Bf7 41.
h3 Rc7 42. Kh2 Rc8 43. Qd6 Rc2 44. Rd1 Bd5 45. h4 g4 46. fxg4 Qe4 47. h5+ Kg5
48. Bxf4+ Qxf4+ 49. Qxf4+ Kxf4 50. Rxd3 Bxg2 0-1

[Event "Airthings Masters Div 3 L"]
[Site "chess.com INT"]
[Date "2023.02.07"]
[Round "3.2"]
[White "Yoo, Christopher Woojin"]
[Black "Oparin, Grigoriy"]
[Result "0-1"]
[WhiteTitle "GM"]
[BlackTitle "GM"]
[WhiteElo "2589"]
[BlackElo "2667"]
[WhiteFideId "30909694"]
[BlackFideId "24125890"]
[EventDate "2023.02.06"]

1. e4 c5 2. Nf3 d6 3. d4 cxd4 4. Nxd4 Nf6 5. Nc3 Nc6 6. Bg5 e6 7. Qd3 Bd7 8.
Ndb5 Nb4 9. Qd1 Qb8 10. Bf4 e5 11. Bg5 a6 12. Bxf6 gxf6 13. Na3 b5 14. Nab1 Bg7
15. a3 Nc6 16. Nd5 f5 17. Nbc3 O-O 18. exf5 Bxf5 19. g4 Bg6 20. Bg2 Ra7 21. h4
Nd4 22. Ne3 b4 23. Ncd5 b3 24. cxb3 Rc8 25. O-O h6 26. h5 Bh7 27. g5 hxg5 28. h6
Bh8 29. Qg4 f6 30. f4 Rf8 31. Rad1 Qe8 32. fxe5 dxe5 33. Nc3 Bg6 34. Be4 Rh7 35.
Bd5+ Bf7 36. Nf5 Nxf5 37. Rxf5 Rxh6 38. Ne4 Bxd5 39. Rxd5 Bg7 40. Rf3 Rh4 41.
Qf5 Qc6 42. Nc3 e4 43. Rh3 Rxh3 44. Qxh3 Re8 45. Qf5 e3 46. Kf1 Qc7 47. Qf3 Qh2
48. Ne2 g4 49. Qg2 Qh4 50. Ng3 Rc8 51. Rd1 Qg5 52. Qe4 Kh8 53. Kg2 Bh6 54. Rd7
Bg7 55. Re7 Rd8 56. Re8+ Rxe8 57. Qxe8+ Kh7 58. Qe4+ Kg8 59. Qe6+ Kf8 60. Qd6+
Kf7 61. Qd7+ Kg6 62. Qe8+ Kh6 63. Qe4 e2 64. Nxe2 f5 65. Qe6+ Qf6 66. Qe3+ Kh7
67. Qd3 Qc6+ 68. Kf2 Qc5+ 69. Kg2 Bf6 70. Nf4 Kh6 71. Nd5 Kg6 72. Nf4+ Kh6 73.
Nd5 Be5 74. Qxa6+ Kg5 75. Qc4 Qxc4 76. bxc4 f4 77. c5 f3+ 78. Kf2 Bd4+ 79. Kg3
Bxc5 80. b4 Bd6+ 81. Kf2 Be5 82. Ke3 Bh2 83. b5 Bg1+ 84. Ke4 Bc5 85. Kd3 g3 86.
Ne3 g2 0-1

[Event "Airthings Masters Div 3 L"]
[Site "chess.com INT"]
[Date "2023.02.07"]
[Round "3.3"]
[White "Yoo, Christopher Woojin"]
[Black "Oparin, Grigoriy"]
[Result "1/2-1/2"]
[WhiteTitle "GM"]
[BlackTitle "GM"]
[WhiteElo "2589"]
[BlackElo "2667"]
[WhiteFideId "30909694"]
[BlackFideId "24125890"]
[EventDate "2023.02.06"]

1. Nf3 Nf6 2. c4 e6 3. Nc3 d5 4. d4 c5 5. cxd5 cxd4 6. Qa4+ Bd7 7. Qxd4 exd5 8.
Bg5 Nc6 9. Qd2 Bb4 10. a3 Ne4 11. Bxd8 Nxd2 12. axb4 Nxf3+ 13. exf3 Nxb4 14.
O-O-O Rxd8 15. Nxd5 Nxd5 16. Rxd5 Be6 17. Rxd8+ Kxd8 18. b4 Ke7 19. Bd3 Rd8 20.
Kc2 a6 21. Ra1 Rc8+ 22. Kd2 Rd8 23. Ke3 Rd6 24. f4 g6 25. f3 h5 26. g3 Bd7 27.
Be4 Rb6 28. Rb1 Bc6 29. Bc2 f5 30. h3 Bd7 31. Kd4 Rd6+ 32. Kc3 Rc6+ 33. Kd2 Rd6+
34. Ke3 Re6+ 35. Kf2 Rd6 36. Ke1 Re6+ 37. Kd2 Rd6+ 38. Ke3 Re6+ 39. Kf2 Rd6 40.
Re1+ Re6 41. Rg1 Rb6 42. Re1+ Re6 43. Rb1 1/2-1/2

[Event "Airthings Masters Div 3 L"]
[Site "chess.com INT"]
[Date "2023.02.07"]
[Round "4.1"]
[White "Martinez Alcantara, Jose Eduardo"]
[Black "Theodorou, Nikolas"]
[Result "1/2-1/2"]
[WhiteTitle "GM"]
[BlackTitle "GM"]
[WhiteElo "2607"]
[BlackElo "2584"]
[WhiteFideId "3805662"]
[BlackFideId "4262875"]
[EventDate "2023.02.06"]

1. e4 c5 2. Nf3 Nc6 3. Bb5 e6 4. O-O Nge7 5. Re1 a6 6. Bxc6 Nxc6 7. d4 cxd4 8.
Nxd4 Nxd4 9. Qxd4 b5 10. Nc3 Bb7 11. a4 b4 12. Nd5 Qa5 13. Bd2 f5 14. Bxb4 Bxb4
15. Nxb4 fxe4 16. Qxg7 O-O-O 17. Qc3+ Qc7 18. Ra3 Qxc3 19. Rxc3+ Kb8 20. Rh3 h5
21. Rh4 Rc8 22. c3 Rc4 23. f3 a5 24. Nc2 Rxa4 25. Na3 d5 26. fxe4 Rxe4 27. Rexe4
dxe4 28. Nc4 Kc7 29. Nxa5 Bd5 30. Kf2 Kd6 31. Ke3 Rg8 32. c4 Ba8 33. Rxh5 Rxg2
34. Rh8 Bc6 35. b4 Ba4 36. c5+ Kd5 37. Rd8+ Ke5 38. Nc4+ Kf6 39. Rf8+ Ke7 40.
Rf2 Rg1 41. Kxe4 Rc1 42. Ne5 Re1+ 43. Kd4 Rd1+ 44. Kc3 Re1 45. Rf7+ Ke8 46. Ra7
Bb5 47. Nf7 Kf8 48. Nd6 Bc6 49. b5 Rc1+ 50. Kd4 e5+ 51. Kxe5 Bxb5 52. Rc7 Re1+
53. Kf6 Rf1+ 54. Ke5 Re1+ 55. Kf6 Rf1+ 56. Nf5 Ke8 57. Ke5 Re1+ 58. Kd4 Rd1+ 59.
Kc3 Kd8 60. Rg7 Rd5 61. Kb4 Bd7 62. Nd6 Rd4+ 63. Kc3 Rh4 64. Nf7+ Kc8 65. Ne5
Bb5 66. Rg8+ Kc7 67. Rg7+ Kc8 68. Rg2 Kc7 69. Rf2 Kc8 70. Rf8+ Kc7 71. Rf7+ Kc8
72. Rf2 Kc7 73. Rb2 Bc6 74. Kd3 Rh3+ 75. Kd4 Rh4+ 76. Kc3 Rh3+ 77. Kb4 Rh4+ 78.
Ka3 Rh3+ 79. Ka2 Bd5+ 80. Kb1 Re3 81. Ng4 Rc3 82. Nf6 Be6 83. Rf2 Rxc5 84. Kb2
Kd8 85. Ne4 Re5 86. Ng3 Rc5 87. Ne4 Re5 88. Nc3 Ke7 89. Kc2 Rh5 90. Kd3 Rh3+ 91.
Kd4 Rh4+ 92. Ne4 Rh5 93. Rb2 Bd7 94. Ng3 Rh4+ 95. Ke3 Rh3 96. Re2 Kf6 97. Rd2
Be6 98. Kf3 Rh4 99. Ne4+ Ke5 100. Ng3 Bd5+ 101. Ke3 Rh3 102. Rb2 Rh8 103. Re2
Rh7 104. Kf2+ Kf4 105. Kg1 Ra7 106. Rd2 Bf3 107. Kf2 Bc6 108. Ne2+ Kg4 109. Rd4+
Kg5 110. Rc4 Rf7+ 111. Kg1 Rf6 112. Rc5+ Kg4 113. Rc4+ Kg5 114. h4+ Kh6 115. Nf4
Bd7 116. Kf2 Be8 117. Kg3 Ra6 118. Rd4 Bf7 119. Rd3 Rb6 120. Re3 Rb3 121. Nd3
Bg6 122. Kf4 Bxd3 123. Kg3 Bc4 124. Rxb3 Bxb3 125. h5 Kxh5 1/2-1/2

[Event "Airthings Masters Div 3 L"]
[Site "chess.com INT"]
[Date "2023.02.07"]
[Round "4.3"]
[White "Theodorou, Nikolas"]
[Black "Martinez Alcantara, Jose Eduardo"]
[Result "1/2-1/2"]
[WhiteTitle "GM"]
[BlackTitle "GM"]
[WhiteElo "2584"]
[BlackElo "2607"]
[WhiteFideId "4262875"]
[BlackFideId "3805662"]
[EventDate "2023.02.06"]

1. d4 Nf6 2. c4 e6 3. g3 d5 4. Bg2 Bb4+ 5. Bd2 Be7 6. Nf3 O-O 7. O-O c6 8. Qc2
Nbd7 9. Bf4 a5 10. Rd1 Nh5 11. Bc1 b5 12. cxb5 cxb5 13. e4 dxe4 14. Qxe4 Ra7 15.
Nc3 Nhf6 16. Qe1 b4 17. Ne5 Bb7 18. Nb5 Bxg2 19. Nxa7 Qa8 20. Bg5 Nxe5 21. dxe5
Bh3 22. f3 1/2-1/2

[Event "Airthings Masters Div 3 L"]
[Site "chess.com INT"]
[Date "2023.02.07"]
[Round "4.1"]
[White "Pranav, V"]
[Black "Demidov, Mikhail"]
[Result "1-0"]
[WhiteTitle "GM"]
[BlackTitle "GM"]
[WhiteElo "2545"]
[BlackElo "2575"]
[WhiteFideId "25060783"]
[BlackFideId "4197143"]
[EventDate "2023.02.06"]

1. e4 Nf6 2. e5 Nd5 3. d4 d6 4. c4 Nb6 5. f4 dxe5 6. fxe5 c5 7. d5 g6 8. Nf3 Bg7
9. h3 O-O 10. Bd3 e6 11. d6 Nc6 12. Qe2 f6 13. Nc3 fxe5 14. Ne4 Nd4 15. Nxd4
exd4 16. Bg5 Qe8 17. Be7 Rf7 18. Nxc5 Rxe7 19. dxe7 Qxe7 20. Ne4 e5 21. O-O Be6
22. a3 Nd7 23. b4 Bh6 24. c5 Bf4 25. Bc4 Nf8 26. g3 Be3+ 27. Kg2 Rd8 28. Rf6 Kh8
29. Raf1 Bf5 30. Qf3 Ne6 31. Bxe6 Bxe6 32. Nd6 e4 33. Qxe4 Rxd6 34. Rf8+ Kg7 35.
R1f7+ Bxf7 36. Qxe7 Rf6 37. Rg8+ Kxg8 38. Qxf6 Bd5+ 39. Kh2 Bc6 40. Qe7 a6 41.
a4 h5 42. b5 axb5 43. axb5 Bf3 44. c6 bxc6 45. bxc6 1-0

[Event "Airthings Masters Div 3 L"]
[Site "chess.com INT"]
[Date "2023.02.07"]
[Round "4.2"]
[White "Demidov, Mikhail"]
[Black "Pranav, V"]
[Result "1/2-1/2"]
[WhiteTitle "GM"]
[BlackTitle "GM"]
[WhiteElo "2575"]
[BlackElo "2545"]
[WhiteFideId "4197143"]
[BlackFideId "25060783"]
[EventDate "2023.02.06"]

1. Nf3 Nf6 2. g3 d5 3. Bg2 c6 4. O-O Bg4 5. Ne5 Bf5 6. d4 Nbd7 7. c4 e6 8. Nc3
Be7 9. Qb3 Qb6 10. Nxd7 Nxd7 11. e4 dxe4 12. Nxe4 O-O 13. Be3 Nf6 14. Nc5 Bxc5
15. dxc5 Qxb3 16. axb3 Rfd8 17. b4 a6 18. b5 axb5 19. cxb5 Nd5 20. b6 f6 21.
Rfd1 Bc2 22. Rdc1 Bd3 23. Bd2 Kf7 24. b4 Bb5 25. Be1 Ne7 26. g4 e5 27. h4 h6 28.
h5 Be2 29. f3 Nd5 30. Ra7 Rxa7 31. bxa7 Ra8 32. Ra1 Nc7 33. Kf2 Bc4 34. f4 exf4
35. Bd2 Nb5 36. Bxf4 Rxa7 37. Rd1 Ra2+ 38. Kg3 Be6 39. Be4 Ke7 40. Re1 Kd7 41.
Rd1+ Ke7 42. Re1 Kd7 43. Bh7 Ra3+ 44. Kh4 Bd5 45. Bf5+ Kd8 46. Bg6 Nd4 47. Re8+
Kd7 48. Rb8 Nf3+ 49. Kg3 Ne5+ 50. Kh4 Nf3+ 51. Kg3 Ne5+ 52. Kf2 Rf3+ 53. Ke2
Rxf4 54. Rxb7+ Kc8 55. Rxg7 Be6 56. Rh7 Nxg4 57. Be8 Rf2+ 58. Ke1 Rb2 59. Bxc6
Ne5 60. b5 Nxc6 61. bxc6 Bg4 62. Rxh6 Kc7 63. Rxf6 Bxh5 64. Rf2 Rxf2 65. Kxf2
Kxc6 66. Ke3 Kxc5 1/2-1/2